000 00685nam a2200205 i 4500
001 177148
003 ES-MaACL
005 20250516063031.0
008 110307s1965 sp |||| | spa d
080 _a821.134.2-311.2"19"
100 1 _aJanés, Clara
_966012
245 1 3 _aLa noche de Abel Mícheli /
_cClara Janés.
260 _a[Madrid] :
_bLNP,
_c1965.
300 _a103 p. ;
_c17 cm.
490 1 _aLa novela popular. Contemporánea, inédita, española ;
_v24
830 0 _aLa novela popular. Contemporánea, inédita, española ;
_v24
_9188024
852 _aES-MaACL
_jE-14570
_xOlim P-213-Ter
852 _aES-MaACL
_jP-409-16
999 _c177148
_d177148